Foreign policy in world politics
保存先:
| 第一著者: | |
|---|---|
| フォーマット: | 図書 |
| 言語: | 英語 |
| 出版事項: |
Englewood Cliffs
Prentice-Hall
1976
|
| 版: | 5a. ed |
| 主題: | |
| タグ: |
タグ追加
タグなし, このレコードへの初めてのタグを付けませんか!
|
MARC
| LEADER | 00000nam a2200000 a 4500 | ||
|---|---|---|---|
| 001 | UCT7857 | ||
| 003 | CL-VaPUC | ||
| 008 | 970317e19760000us |||||||||||||||||eng|d | ||
| 082 | 0 | 4 | |a 327.1 |b MAC |2 21 |
| 100 | |a Macridis, Roy C. |e autor |9 453066 | ||
| 245 | 1 | 0 | |a Foreign policy in world politics |
| 250 | |a 5a. ed | ||
| 300 | |a 398 p | ||
| 942 | |c BK | ||
| 945 | |d 19970317 00:00:00 |a paguirre | ||
| 260 | |a Englewood Cliffs |b Prentice-Hall |c 1976 | ||
| 650 | 0 | |a Política internacional |9 255813 | |
| 650 | 0 | |a Relaciones Internacionales |9 255740 | |
| 650 | 0 | |a Guerra Fría |9 319648 | |
| 650 | 0 | |a Ciencias Políticas |9 255201 | |
| 650 | 7 | |a DOCTRINAS INTERNACIONALES |2 CL-VaPUC |9 377732 | |
| 650 | 0 | |a Diplomacia |9 256483 | |
| 651 | 0 | |a Inglaterra |9 255158 | |
| 651 | 0 | |a Francia |9 255157 | |
| 651 | 0 | |a Alemania |9 255688 | |
| 651 | 0 | |a Unión Soviética |9 256769 | |
| 651 | 0 | |a China |9 257545 | |
| 651 | 0 | |a Japón |9 260391 | |
| 651 | 0 | |a India |9 267804 | |
| 651 | 0 | |a Estados Unidos |9 255178 | |
| 583 | |a last modification |c 20150428 02:34:41 |k Rodrigo Vera | ||
| 999 | |c 256404 |d 256402 | ||
| 952 | |0 0 |1 0 |4 0 |6 327_100000000000000_MAC_1976 |7 0 |8 A |9 279124 |a BIBDER |b BIBDER |d 2019-11-19 |i 1808583 |o 327.1 MAC 1976 |p 1808583 |r 2023-01-25 |w 2019-11-19 |y BK |k DER | ||